The great animal orchestra : (Record no. 245)

000 -LEADER
fixed length control field 01680cam a2200457 a 4500
001 - CONTROL NUMBER
control field 16825295
003 - CONTROL NUMBER IDENTIFIER
control field OSt
005 - DATE AND TIME OF LATEST TRANSACTION
control field 20210419055103.0
008 - FIXED-LENGTH DATA ELEMENTS--GENERAL INFORMATION
fixed length control field 110613s2012 nyu b 001 0deng
010 ## - LIBRARY OF CONGRESS CONTROL NUMBER
LC control number 2011025101
020 ## - INTERNATIONAL STANDARD BOOK NUMBER
International Standard Book Number 9780316086875
040 ## - CATALOGING SOURCE
Original cataloging agency DLC
Transcribing agency DLC
Modifying agency DLC
042 ## - AUTHENTICATION CODE
Authentication code pcc
043 ## - GEOGRAPHIC AREA CODE
Geographic area code n-us---
050 00 - LIBRARY OF CONGRESS CALL NUMBER
Classification number QH510.5
Item number .K725 2012
080 ## - UNIVERSAL DECIMAL CLASSIFICATION NUMBER
Universal Decimal Classification number 59
Item number K-81
082 00 - DEWEY DECIMAL CLASSIFICATION NUMBER
Classification number 780
Edition number 23
100 1# - MAIN ENTRY--PERSONAL NAME
Personal name Krause, Bernie,
Dates associated with a name 1938-
245 14 - TITLE STATEMENT
Title The great animal orchestra :
Remainder of title finding the origins of music in the world's wild places /
Statement of responsibility, etc. Bernie Krause.
250 ## - EDITION STATEMENT
Edition statement 1st ed.
260 ## - PUBLICATION, DISTRIBUTION, ETC.
Place of publication, distribution, etc. New York :
Name of publisher, distributor, etc. Little, Brown,
Date of publication, distribution, etc. 2012.
300 ## - PHYSICAL DESCRIPTION
Extent 278 p. ;
Dimensions 25 cm.
365 ## - TRADE PRICE
Price amount 26.99 usd
504 ## - BIBLIOGRAPHY, ETC. NOTE
Bibliography, etc. note Includes bibliographical references (p. 257-265) and index.
505 0# - FORMATTED CONTENTS NOTE
Formatted contents note Sound as my mentor -- Voices from the land -- The organized sound of life itself -- Biophony : the proto-orchestra -- First notes -- Different croaks for different folks -- The fog of noise -- Noise and biophony/oil and water -- Coda of hope.
600 10 - SUBJECT ADDED ENTRY--PERSONAL NAME
Personal name Krause, Bernie,
Dates associated with a name 1938-
General subdivision Travel.
650 #0 - SUBJECT ADDED ENTRY--TOPICAL TERM
Topical term or geographic name entry element Nature sounds.
650 #0 - SUBJECT ADDED ENTRY--TOPICAL TERM
Topical term or geographic name entry element Animal sounds.
650 #0 - SUBJECT ADDED ENTRY--TOPICAL TERM
Topical term or geographic name entry element Music
General subdivision Origin.
650 #0 - SUBJECT ADDED ENTRY--TOPICAL TERM
Topical term or geographic name entry element Sounds
General subdivision Psychological aspects..
650 #0 - SUBJECT ADDED ENTRY--TOPICAL TERM
Topical term or geographic name entry element Noise
General subdivision Psychological aspects.
650 #0 - SUBJECT ADDED ENTRY--TOPICAL TERM
Topical term or geographic name entry element Aural history.
650 #0 - SUBJECT ADDED ENTRY--TOPICAL TERM
Topical term or geographic name entry element Field recordings.
650 #0 - SUBJECT ADDED ENTRY--TOPICAL TERM
Topical term or geographic name entry element Musicians
Geographic subdivision United States.
653 ## - INDEX TERM--UNCONTROLLED
Uncontrolled term ბუნება
653 ## - INDEX TERM--UNCONTROLLED
Uncontrolled term ცხოველები
653 ## - INDEX TERM--UNCONTROLLED
Uncontrolled term მუსიკა
906 ## - LOCAL DATA ELEMENT F, LDF (RLIN)
a 7
b cbc
c orignew
d 1
e ecip
f 20
g y-gencatlg
942 ## - ADDED ENTRY ELEMENTS (KOHA)
Source of classification or shelving scheme
Koha item type Books
Edition 1
Holdings
Withdrawn status Lost status Source of classification or shelving scheme Damaged status Not for loan Permanent location Current location Date acquired Inventory number Full call number Barcode Date last seen Price effective from Koha item type
          Ken Walker International University Ken Walker International University 11/13/2020 252 59 K-81 252 11/13/2020 11/13/2020 Books

Powered by Koha